000
00229nam a2200097Ia 4500
005
20251222114347.0
008
251222s1900||||xx |||||||||||||| ||spa||
082
_a
DVD0111/B94/Ej.2
245
0
_a
El cadáver de la novia:
942
_c
DVD
999
_c
1106
_d
1106